Détails MARC
| 000 -LEADER |
| fixed length control field |
01607cam a2200457 i 4500 |
| 001 - CONTROL NUMBER |
| control field |
0008124458 |
| 003 - CONTROL NUMBER IDENTIFIER |
| control field |
OSt |
| 005 - DATE AND TIME OF LATEST TRANSACTION |
| control field |
20260425120736.0 |
| 007 - PHYSICAL DESCRIPTION FIXED FIELD--GENERAL INFORMATION |
| fixed length control field |
ta |
| 008 - FIXED-LENGTH DATA ELEMENTS--GENERAL INFORMATION |
| fixed length control field |
250815s2026 onca j 000 1 fre d |
| 020 ## - INTERNATIONAL STANDARD BOOK NUMBER |
| International Standard Book Number |
9781039716339 |
| Qualifying information |
(broch)̌ |
| 024 3# - OTHER STANDARD IDENTIFIER |
| Standard number or code |
9781039716339 |
| 040 ## - CATALOGING SOURCE |
| Original cataloging agency |
BTLF |
| Language of cataloging |
fre |
| Description conventions |
rda |
| Transcribing agency |
BTLF |
| Modifying agency |
SQTD |
| -- |
SDM |
| -- |
SQTD |
| -- |
QMBND |
| 041 1# - LANGUAGE CODE |
| Language code of text/sound track or separate title |
fre |
| Language code of original |
eng |
| 082 05 - DEWEY DECIMAL CLASSIFICATION NUMBER |
| Classification number |
ALB JOH |
| Item number |
J655t |
| Edition number |
23/fre/202604 |
| 082 05 - DEWEY DECIMAL CLASSIFICATION NUMBER |
| Classification number |
813.54 |
| Item number |
J655t |
| Edition number |
23/fre/202604 |
| 100 1# - MAIN ENTRY--PERSONAL NAME |
| Personal name |
John, Jory |
| Relator term |
auteur |
| 240 10 - UNIFORM TITLE |
| Uniform title |
<a href="Humble pie.">Humble pie.</a> |
| Language of a work |
Franȧis |
| 245 13 - TITLE STATEMENT |
| Title |
La tarte modeste / |
| Statement of responsibility, etc. |
Jory John ; illustrations de, Pete Oswald ; texte franȧis d'Isabelle Fortin. |
| 264 #1 - PRODUCTION, PUBLICATION, DISTRIBUTION, MANUFACTURE, AND COPYRIGHT NOTICE |
| Place of production, publication, distribution, manufacture |
Toronto (Ontario) : |
| Name of producer, publisher, distributor, manufacturer |
Scholastic, |
| Date of production, publication, distribution, manufacture, or copyright notice |
[2026] |
| 264 #4 - PRODUCTION, PUBLICATION, DISTRIBUTION, MANUFACTURE, AND COPYRIGHT NOTICE |
| Date of production, publication, distribution, manufacture, or copyright notice |
♭2026 |
| 300 ## - PHYSICAL DESCRIPTION |
| Extent |
32 pages non numřotěs : |
| Other physical details |
illustrations ; |
| Dimensions |
28 cm |
| 336 ## - CONTENT TYPE |
| Content type term |
texte |
| Content type code |
txt |
| Source |
rdacontent |
| 336 ## - CONTENT TYPE |
| Content type term |
image fixe |
| Content type code |
sti |
| Source |
rdacontent |
| 337 ## - MEDIA TYPE |
| Media type term |
sans mďiation |
| Media type code |
n |
| Source |
rdamedia |
| 338 ## - CARRIER TYPE |
| Carrier type term |
volume |
| Carrier type code |
nc |
| Source |
rdacarrier |
| 650 #7 - SUBJECT ADDED ENTRY--TOPICAL TERM |
| Topical term or geographic name as entry element |
Tartes |
| Form subdivision |
Fiction |
| Source of heading or term |
vmj |
| 650 #7 - SUBJECT ADDED ENTRY--TOPICAL TERM |
| Topical term or geographic name as entry element |
Humilit |
| Form subdivision |
Fiction |
| Source of heading or term |
vmj |
| 650 #7 - SUBJECT ADDED ENTRY--TOPICAL TERM |
| Topical term or geographic name as entry element |
Amis |
| Form subdivision |
Fiction |
| Source of heading or term |
vmj |
| 650 #7 - SUBJECT ADDED ENTRY--TOPICAL TERM |
| Topical term or geographic name as entry element |
Gt́eaux |
| Form subdivision |
Fiction |
| Source of heading or term |
vmj |
| 650 #7 - SUBJECT ADDED ENTRY--TOPICAL TERM |
| Topical term or geographic name as entry element |
Devoirs l̉a maison |
| Form subdivision |
Fiction |
| Source of heading or term |
vmj |
| 650 #7 - SUBJECT ADDED ENTRY--TOPICAL TERM |
| Topical term or geographic name as entry element |
Paresse |
| Form subdivision |
Fiction |
| Source of heading or term |
vmj |
| 650 #7 - SUBJECT ADDED ENTRY--TOPICAL TERM |
| Topical term or geographic name as entry element |
Assertivit |
| Form subdivision |
Fiction |
| Source of heading or term |
vmj |
| 650 #7 - SUBJECT ADDED ENTRY--TOPICAL TERM |
| Topical term or geographic name as entry element |
Estime de soi |
| Form subdivision |
Fiction |
| Source of heading or term |
vmj |
| 655 #7 - INDEX TERM--GENRE/FORM |
| Genre/form data or focus term |
Albums de fiction |
| Source of term |
rvmgf |
| 700 1# - ADDED ENTRY--PERSONAL NAME |
| Personal name |
Oswald, Pete, |
| Dates associated with a name |
1980- |
| Relator term |
illustrateur |
| 700 1# - ADDED ENTRY--PERSONAL NAME |
| Personal name |
Fortin, Isabelle |
| Titles and other words associated with a name |
(Traductrice) |
| Relator term |
traducteur |
| 700 1# - ADDED ENTRY--PERSONAL NAME |
| Relationship information |
Traduction de : |
| Personal name |
John, Jory |
| Title of a work |
Humble pie |
| 942 ## - ADDED ENTRY ELEMENTS (KOHA) |
| Source of classification or shelving scheme |
Dewey Decimal Classification |
| Koha item type |
Album jeunesse |